Manisa'nın İlçeleri - Statistics

General Stats
  • This quiz has been taken 155 times
  • The average score is 10 of 17
Answer Stats
İlçeler % Correct
16. Turgutlu
88%
15. Şehzadeler
77%
2. Akhisar
76%
10. Salihli
76%
17. Yunusemre
72%
1. Ahmetli
70%
14 Soma
68%
9. Kula
62%
3. Alaşehir
53%
4. Demirci
51%
7. Kırkağaç
48%
12. Saruhanlı
46%
6. Gördes
42%
5. Gölmarmara
39%
13. Selendi
39%
11. Sarıgöl
35%
8. Köprübaşı
31%
No matching quizzes found
Score Distribution
Percent of People with Each Score
Percentile by Number Answered
Your Score History
You have not taken this quiz